[Event "Gruppe C | DWZ 1900 - 1701"]
[Site "61.HEM Erlensee 2007"]
[Date "2007.04.04"]
[Round "1.1"]
[White "Zuyev, Igor"]
[Black "Froehlich-Dill, Astrid"]
[Result "1-0"]
[WhiteElo "2172"]
[BlackElo "1970"]
[PlyCount "75"]
[EventDate "2007.??.??"]

1. e4 e6 2. d4 b6 3. Nf3 Bb7 4. Bd3 c5 5. Bg5 Be7 6. Bxe7 Qxe7 7. Nc3 Nf6 8. e5
Nd5 9. Ne4 O-O 10. Nd6 Bc6 11. Be4 f5 12. Bd3 Nf4 13. Bf1 Ng6 14. c3 Bxf3 15.
Qxf3 Nc6 16. O-O-O cxd4 17. cxd4 a6 18. g3 b5 19. Bg2 Rab8 20. Kb1 Qd8 21. Qe2
Na5 22. h4 Qb6 23. h5 Nh8 24. h6 g6 25. d5 Nf7 26. dxe6 dxe6 27. Nxf7 Rxf7 28.
Rd6 Qc5 29. b3 Nc4 30. bxc4 bxc4+ 31. Ka1 Qb4 32. Qc2 Qc5 33. f4 Rff8 34. Rc1
Rb4 35. Rxe6 Rfb8 36. Rd6 c3 37. Rc6 Qb5 38. Rxc3 1-0

[Event "Gruppe C | DWZ 1900 - 1701"]
[Site "61.HEM Erlensee 2007"]
[Date "2007.04.04"]
[Round "1.2"]
[White "Hoppe, Michael"]
[Black "Smit, Josip"]
[Result "1/2-1/2"]
[WhiteElo "1970"]
[BlackElo "2049"]
[PlyCount "29"]
[EventDate "2007.??.??"]

1. c4 Nf6 2. Nc3 g6 3. g3 Bg7 4. Bg2 O-O 5. Nf3 d6 6. O-O c6 7. d4 Qa5 8. Bd2
Qa6 9. b3 b5 10. cxb5 cxb5 11. a4 bxa4 12. bxa4 d5 13. Nb5 Qb6 14. Rc1 Ba6 15.
Bf4 1/2-1/2

[Event "Gruppe C | DWZ 1900 - 1701"]
[Site "61.HEM Erlensee 2007"]
[Date "2007.04.04"]
[Round "1.3"]
[White "Wuestehube, Axel"]
[Black "Adamczyk, Matthias"]
[Result "1-0"]
[WhiteElo "1886"]
[BlackElo "1774"]
[PlyCount "55"]
[EventDate "2007.??.??"]

1. d4 d5 2. Nf3 e6 3. Bg5 Nf6 4. Nbd2 Be7 5. e3 h6 6. Bh4 Nbd7 7. Bd3 c5 8. c3
Qb6 9. b3 O-O 10. O-O Re8 11. Ne5 Bd6 12. f4 a6 13. Ndf3 Qc7 14. Rc1 b5 15.
Nxd7 Nxd7 16. Ne5 Bb7 17. Qh5 Rf8 18. Rf3 Nxe5 19. fxe5 Be7 20. Bf6 Bxf6 21.
exf6 c4 22. fxg7 Rfe8 23. Qxh6 f5 24. Bxf5 exf5 25. Rxf5 Qxg7 26. Rg5 Qxg5 27.
Qxg5+ Kh7 28. Rf1 1-0

[Event "Gruppe C | DWZ 1900 - 1701"]
[Site "61.HEM Erlensee 2007"]
[Date "2007.04.04"]
[Round "1.4"]
[White "Blosze, Winfried"]
[Black "Rack, Matthias"]
[Result "0-1"]
[WhiteElo "1930"]
[BlackElo "2040"]
[PlyCount "98"]
[EventDate "2007.??.??"]

1. e4 e5 2. Nf3 Nf6 3. Nc3 Nc6 4. Bb5 Bb4 5. Qe2 O-O 6. Bxc6 bxc6 7. O-O d6 8.
h3 Re8 9. d3 h6 10. Bd2 Bd7 11. a3 Bc5 12. Nd1 Nh5 13. b4 Ng3 14. Qe1 Nxf1 15.
Qxf1 Bb6 16. Kh2 c5 17. c4 cxb4 18. axb4 c6 19. g4 Qf6 20. Qg2 g5 21. Ne3 Be6
22. Nf5 Bxf5 23. gxf5 Kh7 24. Bc3 Bc7 25. Qg4 Rg8 26. Rg1 Rg7 27. Bd2 Kg8 28.
Qh5 d5 29. Rg4 dxc4 30. dxc4 Rd8 31. Be3 Rd3 32. h4 gxh4 33. Rxh4 Rh7 34. Ng5
Rg7 35. Ne6 fxe6 36. Qe8+ Qf8 37. Qxe6+ Qf7 38. Qxc6 Rd6 39. Qa8+ Kh7 40. c5
Rf6 41. Qxa7 Qc4 42. Qa1 Qe2 43. Qb1 Qf3 44. Qf1 Rd7 45. b5 Bd8 46. Bg5 Rd4 47.
Bxf6 Bxf6 48. Qg1 Bg5 49. Qxg5 Qxf2+ 0-1

[Event "Gruppe C | DWZ 1900 - 1701"]
[Site "61.HEM Erlensee 2007"]
[Date "2007.04.04"]
[Round "1.5"]
[White "Genis, Roy"]
[Black "Dohne, Kai-Uwe"]
[Result "0-1"]
[WhiteElo "1895"]
[BlackElo "1767"]
[PlyCount "194"]
[EventDate "2007.??.??"]

1. e4 Nf6 2. e5 Nd5 3. c4 Nb6 4. d4 d6 5. f4 dxe5 6. fxe5 Nc6 7. Be3 Bf5 8. Nc3
e6 9. Nf3 Be7 10. d5 Nb4 11. Nd4 Bg6 12. a3 c5 13. axb4 cxd4 14. Qxd4 Bxb4 15.
dxe6 O-O 16. exf7+ Bxf7 17. Qxd8 Rfxd8 18. Bxb6 axb6 19. Rxa8 Rxa8 20. Kd2 Re8
21. Bd3 Rxe5 22. Rf1 Rg5 23. g3 h5 24. Kc2 h4 25. Ne4 Rg6 26. gxh4 Rg4 27. Kb3
Be7 28. Ng5 Bh5 29. Be4 Rxh4 30. Bd5+ Kh8 31. Nf7+ Kh7 32. Rf2 Bd1+ 33. Ka2 Bf6
34. Rd2 Bh5 35. Nd6 Rf4 36. Be4+ Kh6 37. Nf5+ Kg5 38. Rg2+ Bg4 39. Ne3 Rxe4 40.
Nd5 Rxc4 41. Nxb6 Rb4 42. Nd5 Rd4 43. Nxf6 Kxf6 44. Ka3 g5 45. Rf2+ Rf4 46. Rd2
Bf3 47. Kb3 Kf5 48. Kc3 Bc6 49. Kb3 Rf3+ 50. Kc4 Kg4 51. Rg2+ Kf4 52. Rd2 Re3
53. Rf2+ Kg4 54. Kd4 Re1 55. b4 Kh3 56. b5 Bxb5 57. Rf5 Bc6 58. Rxg5 Kxh2 59.
Kc5 Rd1 60. Kb6 Rd5 61. Rg7 Kh3 62. Rg1 Rd3 63. Rg7 Rg3 64. Rf7 Kg2 65. Rf6 Rf3
66. Rg6+ Kf2 67. Ka5 Ke2 68. Kb6 Kd2 69. Rg2+ Kd3 70. Ra2 Re3 71. Kc5 Re5+ 72.
Kb6 Kc3 73. Kc7 Kb3 74. Rh2 Rc5 75. Kb6 Rb5+ 76. Kc7 Kb4 77. Rb2+ Ka5 78. Rf2
Rd5 79. Ra2+ Kb4 80. Rb2+ Kc3 81. Rh2 Rd3 82. Kb6 Rd2 83. Rh3+ Kc4 84. Rh4+ Rd4
85. Rh2 Be4 86. Rh6 Rd5 87. Rh4 Rd6+ 88. Kc7 Rc6+ 89. Kd7 Kd5 90. Rh5+ Kd4 91.
Rh4 Rc5 92. Kd6 Rc4 93. Rh5 Rc6+ 94. Kd7 Rc5 95. Rh2 b5 96. Rd2+ Bd3 97. Kd6
Rc2 0-1

[Event "Gruppe C | DWZ 1900 - 1701"]
[Site "61.HEM Erlensee 2007"]
[Date "2007.04.04"]
[Round "1.6"]
[White "Haftmann, Rainer"]
[Black "Achelrod, Alexandre"]
[Result "1-0"]
[WhiteElo "1765"]
[BlackElo "1873"]
[PlyCount "57"]
[EventDate "2007.??.??"]

1. e4 c5 2. Nf3 d6 3. d4 cxd4 4. Nxd4 Nf6 5. Nc3 a6 6. Bg5 e6 7. f4 Be7 8. Qf3
Nbd7 9. O-O-O Qc7 10. g4 b5 11. Bxf6 Nxf6 12. g5 Nd7 13. f5 Bxg5+ 14. Kb1 Nf6
15. Bxb5+ axb5 16. Ndxb5 Qa5 17. Nxd6+ Ke7 18. h4 Bh6 19. e5 Nd5 20. f6+ Nxf6
21. exf6+ gxf6 22. Rhf1 Bg7 23. Qc6 f5 24. Nc4 Qa6 25. Qc7+ Kf6 26. Qe5+ Ke7
27. Qxg7 Bb7 28. Qg5+ Kf8 29. Rd8+ 1-0

[Event "Gruppe C | DWZ 1900 - 1701"]
[Site "61.HEM Erlensee 2007"]
[Date "2007.04.04"]
[Round "1.7"]
[White "Winter, Lars"]
[Black "Eg, Karlheinz"]
[Result "0-1"]
[WhiteElo "2062"]
[BlackElo "2065"]
[PlyCount "88"]
[EventDate "2007.??.??"]

1. e4 e5 2. Nf3 Nc6 3. Bb5 a6 4. Bxc6 dxc6 5. O-O Bg4 6. h3 h5 7. d3 Qf6 8. Be3
Bxf3 9. Qxf3 Qxf3 10. gxf3 Bd6 11. Nd2 Ne7 12. Nb3 Ng6 13. c4 Nh4 14. c5 Nxf3+
15. Kg2 Nh4+ 16. Kg3 Be7 17. f4 Ng6 18. f5 Bh4+ 19. Kf3 Ne7 20. Na5 O-O-O 21.
Ke2 Rd7 22. a4 g5 23. Ra3 f6 24. Rb3 g4 25. Rxb7 g3 26. Ra7 Rdd8 27. Nc4 Kb8
28. Rxa6 Rhg8 29. b4 Bg5 30. b5 Bxe3 31. Nxe3 Kb7 32. Nc4 cxb5 33. axb5 Ra8 34.
Rxf6 Ra2+ 35. Kf3 h4 36. c6+ Kc8 37. Nxe5 g2 38. Rg1 Rg3+ 39. Kf4 Rf2+ 40. Nf3
Rfxf3+ 41. Ke5 Kb8 42. Rf8+ Ka7 43. Ra1+ Kb6 44. d4 Ng6+ 0-1

[Event "Gruppe C | DWZ 1900 - 1701"]
[Site "61.HEM Erlensee 2007"]
[Date "2007.04.04"]
[Round "1.8"]
[White "Larem, Peter"]
[Black "Krueger, Till"]
[Result "1/2-1/2"]
[WhiteElo "1917"]
[BlackElo "2048"]
[PlyCount "40"]
[EventDate "2007.??.??"]

1. e4 g6 2. d4 Bg7 3. Nf3 d6 4. Bc4 Nf6 5. Nc3 O-O 6. O-O Nxe4 7. Nxe4 d5 8.
Bxd5 Qxd5 9. Re1 Nc6 10. c3 Bg4 11. h3 Bf5 12. Nc5 b6 13. Na6 Qd6 14. Qa4 Rfe8
15. Bg5 Rac8 16. Rad1 Bd7 17. Qc4 Na5 18. Qe2 Bf6 19. Nb4 Bxg5 20. Nxg5 c6
1/2-1/2

[Event "Gruppe C | DWZ 1900 - 1701"]
[Site "61.HEM Erlensee 2007"]
[Date "2007.04.04"]
[Round "1.9"]
[White "Will, Jens Robert"]
[Black "Fussnecker, Manfred"]
[Result "1-0"]
[WhiteElo "1970"]
[BlackElo "2013"]
[PlyCount "157"]
[EventDate "2007.??.??"]

1. Nf3 f5 2. c4 Nf6 3. Nc3 d6 4. d4 Nbd7 5. Qa4 c6 6. Bf4 Ne4 7. e3 g6 8. Bd3
Nxc3 9. bxc3 Bg7 10. O-O e5 11. Bg5 Bf6 12. Bxf6 Qxf6 13. e4 f4 14. c5 dxc5 15.
d5 Nb6 16. Qa3 c4 17. Be2 cxd5 18. exd5 Bg4 19. Rfd1 e4 20. Nd4 f3 21. Bxc4
Nxc4 22. Qa4+ Bd7 23. Qxc4 O-O 24. Ne6 Rf7 25. Qxe4 Qxc3 26. Rac1 Qb2 27. Rc2
Qa3 28. Rd3 Qd6 29. Rxf3 Rxf3 30. Qxf3 Bxe6 31. dxe6 Qxe6 32. h3 Rb8 33. Re2
Qf7 34. Qa3 a6 35. Re7 Qf6 36. Qb3+ Kh8 37. Rf7 Qa1+ 38. Kh2 Qe5+ 39. g3 b5 40.
Qd3 Rg8 41. Qd7 Rg7 42. Rxg7 Qxg7 43. Qc8+ Qg8 44. Qxa6 Qd5 45. Qa7 Qc4 46. a3
Kg8 47. Qe7 Qa2 48. Kg1 Qb3 49. Qb4 Qd1+ 50. Kg2 Qd5+ 51. f3 Kf7 52. g4 g5 53.
h4 Qa2+ 54. Kh3 Qc4 55. hxg5 Qf1+ 56. Kg3 Qg1+ 57. Kf4 Qh2+ 58. Kf5 Qc2+ 59.
Qe4 Qc5+ 60. Kf4 Qd6+ 61. Qe5 Qxa3 62. Qf6+ Kg8 63. Qd8+ Kg7 64. Qd7+ Kg6 65.
Qxb5 Qc1+ 66. Ke4 Qe1+ 67. Kd5 Qd1+ 68. Ke6 Qe1+ 69. Qe5 Qxe5+ 70. Kxe5 Kxg5
71. f4+ Kxg4 72. f5 h5 73. f6 h4 74. f7 h3 75. f8=Q Kg3 76. Qf1 Kh2 77. Ke4 Kg3
78. Qh1 h2 79. Ke3 1-0

[Event "Gruppe C | DWZ 1900 - 1701"]
[Site "61.HEM Erlensee 2007"]
[Date "2007.04.04"]
[Round "1.10"]
[White "Koculak, Eduard"]
[Black "Rasche, Hannes"]
[Result "0-1"]
[WhiteElo "1752"]
[BlackElo "2050"]
[PlyCount "113"]
[EventDate "2007.??.??"]

1. d4 Nf6 2. Nf3 c5 3. d5 b5 4. b3 Bb7 5. c4 bxc4 6. bxc4 e6 7. dxe6 fxe6 8.
Nbd2 Qa5 9. Bb2 Be7 10. e3 O-O 11. Be2 Qc7 12. O-O Ng4 13. h3 Nh6 14. Qc2 Bf6
15. Rad1 Nc6 16. Bxf6 Rxf6 17. Ne4 Rff8 18. Ng3 Nb4 19. Qd2 Rad8 20. a3 Nc6 21.
Qc2 Ne5 22. Nxe5 Qxe5 23. Rd2 Nf5 24. Nxf5 Rxf5 25. Rfd1 Rf7 26. Bf1 Qg5 27.
Kh2 Qh5 28. Kg1 Bc6 29. Rd6 Rdf8 30. R6d2 Qe5 31. Qb2 Qh5 32. Re1 Rf6 33. Kh2
Rg6 34. e4 Qg5 35. Rde2 h5 36. Qd2 Qe5+ 37. Kh1 Qc7 38. Qe3 Qe5 39. Qd2 Rgf6
40. Qe3 Rb8 41. g3 Rb2 42. Bg2 Rxe2 43. Qxe2 Qc3 44. f4 Qxg3 45. Rf1 Rg6 46.
Rg1 Qxf4 47. Qxh5 Bxe4 48. Qe2 Bxg2+ 49. Rxg2 Qc1+ 50. Kh2 Rxg2+ 51. Qxg2 Qf4+
52. Kh1 Qxc4 53. Qa8+ Kf7 54. Qxa7 Qd5+ 55. Kg1 c4 56. a4 Qd1+ 57. Kg2 0-1

[Event "Gruppe C | DWZ 1900 - 1701"]
[Site "61.HEM Erlensee 2007"]
[Date "2007.04.04"]
[Round "1.11"]
[White "Schaal, Benedikt"]
[Black "Schaub, Thomas"]
[Result "1/2-1/2"]
[WhiteElo "1841"]
[BlackElo "1744"]
[PlyCount "87"]
[EventDate "2007.??.??"]

1. e4 g6 2. d4 Bg7 3. f4 d6 4. Nf3 Nf6 5. Nc3 c6 6. Be2 O-O 7. O-O Bg4 8. Be3
Nbd7 9. e5 Ne8 10. h3 Bxf3 11. Rxf3 e6 12. Qd2 dxe5 13. dxe5 Nc7 14. Rd1 Nd5
15. Nxd5 cxd5 16. c4 Nb6 17. cxd5 Nxd5 18. Bc5 Re8 19. Bb5 Qc7 20. Bxa7 Rec8
21. Bd4 Rxa2 22. Qe2 Bf8 23. Bd3 Bc5 24. Bxc5 Qxc5+ 25. Kh2 Qb4 26. Rd2 Nxf4
27. Qf2 Nxd3 28. Rfxd3 Raa8 29. Rd7 Rf8 30. Qf6 Ra4 31. Rf2 Qh4 32. Qf3 Qe4 33.
Qf6 Qh4 34. Rxf7 Qxf6 35. R7xf6 Rxf6 36. Rxf6 Ra6 37. b4 Rb6 38. Rf4 Rb5 39.
Re4 Kg7 40. Kg3 g5 41. Kf3 Kg6 42. g4 h6 43. Ke3 Rd5 44. Ke2 1/2-1/2

[Event "Gruppe C | DWZ 1900 - 1701"]
[Site "61.HEM Erlensee 2007"]
[Date "2007.04.04"]
[Round "1.12"]
[White "Libuda, Thomas"]
[Black "Gutacker, Stephan"]
[Result "0-1"]
[WhiteElo "2009"]
[BlackElo "1980"]
[PlyCount "61"]
[EventDate "2007.??.??"]

1. d4 Nf6 2. Nf3 e6 3. e3 b6 4. Bd3 Bb7 5. Nbd2 Be7 6. O-O d5 7. Ne5 Nbd7 8. f4
c5 9. c3 O-O 10. Qf3 Ne8 11. Qh3 f5 12. Ndf3 Nd6 13. g4 Ne4 14. Kh1 Nxe5 15.
dxe5 d4 16. Kg1 dxc3 17. Bxe4 Bxe4 18. bxc3 Qd3 19. gxf5 Bxf5 20. Qg2 Qxc3 21.
Bd2 Qc4 22. Rae1 Be4 23. Qg4 Rad8 24. Bc1 Qxa2 25. Rf2 Bxf3 26. Qxf3 Qd5 27.
Qg4 Qc6 28. h4 Rf7 29. h5 Qe4 30. Qxe6 Bh4 31. Rd2 0-1

[Event "Gruppe C | DWZ 1900 - 1701"]
[Site "61.HEM Erlensee 2007"]
[Date "2007.04.04"]
[Round "1.13"]
[White "von Chamier, Ralf"]
[Black "Storkebaum, Ulrike"]
[Result "1-0"]
[WhiteElo "1837"]
[BlackElo "1930"]
[PlyCount "167"]
[EventDate "2007.??.??"]

1. Nf3 Nf6 2. g3 g6 3. b4 Bg7 4. Bb2 O-O 5. Bg2 d6 6. c4 e5 7. d3 Nc6 8. b5 Ne7
9. Nbd2 Nh5 10. Qb3 Kh8 11. d4 exd4 12. Nxd4 f5 13. e3 Nf6 14. O-O Rb8 15. a4
Bd7 16. N2f3 Ne4 17. Rfd1 Ng8 18. Nd2 Nc5 19. Qc2 Nf6 20. N2b3 Nxb3 21. Nxb3
Qe7 22. c5 Be6 23. cxd6 cxd6 24. Nd4 Rfc8 25. Qd2 Bg8 26. Ne2 d5 27. Nf4 Ne4
28. Bxg7+ Qxg7 29. Qd4 Qxd4 30. Rxd4 Rc2 31. Nxd5 Bxd5 32. Rxd5 Nxf2 33. Rd7
Ng4 34. Rad1 Rxg2+ 35. Kxg2 Nxe3+ 36. Kf3 Nxd1 37. Rxd1 Kg7 38. Kf4 Kf6 39. Rd7
g5+ 40. Kf3 h5 41. Rh7 Kg6 42. Rd7 h4 43. gxh4 gxh4 44. Kf4 Kf6 45. Rh7 Re8 46.
Rh6+ Kg7 47. Rxh4 Kg6 48. Kf3 Re7 49. Rd4 Rh7 50. Kg3 Kf6 51. Rh4 Rd7 52. Rc4
Rg7+ 53. Kf3 Ke5 54. Rc5+ Ke6 55. h3 Rh7 56. Kg3 b6 57. Rc8 f4+ 58. Kg4 Rf7 59.
Kf3 Kf5 60. Rc4 Kg5 61. h4+ Kh5 62. Rxf4 Rc7 63. Rd4 Rc3+ 64. Ke4 Kxh4 65. Kd5+
Kg5 66. Rc4 Rd3+ 67. Kc6 Kf6 68. Kb7 Rd7+ 69. Rc7 Rd4 70. Kxa7 Rxa4+ 71. Kxb6
Ke6 72. Kb7 Rb4 73. b6 Kd6 74. Rc1 Kd7 75. Rd1+ Ke7 76. Rd5 Rb1 77. Kc6 Rc1+
78. Rc5 Rb1 79. Kc7 Rd1 80. b7 Rd7+ 81. Kb8 Rd8+ 82. Ka7 Rd1 83. Kb6 Rb1+ 84.
Rb5 1-0

[Event "Gruppe C | DWZ 1900 - 1701"]
[Site "61.HEM Erlensee 2007"]
[Date "2007.04.04"]
[Round "1.14"]
[White "Scholz, Uwe"]
[Black "Schmitt, Carsten"]
[Result "1/2-1/2"]
[WhiteElo "1733"]
[BlackElo "1829"]
[PlyCount "52"]
[EventDate "2007.??.??"]

1. c4 e5 2. Nc3 Nc6 3. g3 d6 4. Bg2 g6 5. e3 Bg7 6. Nge2 f5 7. O-O Nf6 8. d4 e4
9. a3 O-O 10. b4 Ne7 11. Bb2 Be6 12. d5 Bd7 13. Qb3 Be8 14. Rfd1 Bf7 15. Rd2
Ng4 16. Rad1 g5 17. Nd4 Qd7 18. Nce2 Ng6 19. f4 exf3 20. Nxf3 Bxb2 21. Rxb2 Qe7
22. Rd3 Rae8 23. Ned4 Qf6 24. Re2 Re7 25. Rd1 Rfe8 26. Rde1 N6e5 1/2-1/2

[Event "Gruppe C | DWZ 1900 - 1701"]
[Site "61.HEM Erlensee 2007"]
[Date "2007.04.04"]
[Round "1.15"]
[White "Bosse, Volkmar"]
[Black "Geringer, Waldemar"]
[Result "0-1"]
[WhiteElo "1997"]
[BlackElo "1886"]
[PlyCount "138"]
[EventDate "2007.??.??"]

1. e4 c5 2. Nf3 d6 3. d4 cxd4 4. Nxd4 Nf6 5. Nc3 a6 6. Be3 e6 7. Be2 Bd7 8. O-O
b5 9. Bf3 e5 10. Nb3 b4 11. Nd5 Nxd5 12. Qxd5 Bc6 13. Qd1 Nd7 14. Re1 Nf6 15.
Bg5 Be7 16. Nd2 h6 17. Bh4 Qc7 18. Nf1 Rc8 19. Rc1 g5 20. Bg3 h5 21. h3 Qd7 22.
Be2 Bxe4 23. Bxa6 Ra8 24. Bd3 Bb7 25. Ra1 Nd5 26. Ne3 Nf4 27. Nf5 Nxg2 28. f3
Nxe1 29. Bxe1 d5 30. Qe2 Bc5+ 31. Kg2 f6 32. Rd1 Kf7 33. Ng3 Rxa2 34. Bf5 Qc6
35. Qd3 Qa6 36. Bg6+ Kf8 37. Qb3 Qc4 38. Qxc4 dxc4 39. Nf5 Bd4 40. Bxb4+ Kg8
41. Nxd4 exd4 42. Rxd4 Kg7 43. Bf5 Bc8 44. Bxc8 Rxc8 45. Rd7+ Kg6 46. Bc3 Ra6
47. Kf2 Re6 48. Rd4 Rcc6 49. h4 Red6 50. Re4 Rd1 51. hxg5 fxg5 52. Ke2 Rg1 53.
Kf2 Rc1 54. Re2 h4 55. Kg2 Kf7 56. Kh3 Re6 57. Rf2 Kg6 58. f4 Re3+ 59. Kh2 g4
60. f5+ Kh5 61. Rd2 Rce1 62. f6 R3e2+ 63. Rxe2 Rxe2+ 64. Kg1 Kg6 65. Kf1 Rxc2
66. Kg1 g3 67. Be5 g2 68. Bd4 h3 69. Kh2 Rc1 0-1

[Event "Gruppe C | DWZ 1900 - 1701"]
[Site "61.HEM Erlensee 2007"]
[Date "2007.04.04"]
[Round "1.16"]
[White "Friedrich, Helmut"]
[Black "Adair, Robin"]
[Result "1/2-1/2"]
[WhiteElo "1725"]
[BlackElo "2033"]
[PlyCount "77"]
[EventDate "2007.??.??"]

1. e4 c5 2. Nf3 Nc6 3. d4 cxd4 4. Nxd4 Nf6 5. Nc3 e5 6. Nxc6 bxc6 7. Bc4 Bb4 8.
Bg5 Bxc3+ 9. bxc3 Qa5 10. O-O Nxe4 11. Bxf7+ Kxf7 12. Qh5+ Kf8 13. Qf3+ Nf6 14.
Bxf6 gxf6 15. Qxf6+ Kg8 16. Rae1 d6 17. Qxd6 Qd5 18. Qf6 Qf7 19. Qxe5 Bf5 20.
Re3 Bg6 21. Rfe1 Rf8 22. Qg3 Qf4 23. Qxf4 Rxf4 24. Re7 Rf7 25. R7e6 Kg7 26.
Rxc6 Bxc2 27. Re2 Rd8 28. f3 Ba4 29. Rc5 Rfd7 30. Kf2 Kf6 31. g4 Rd2 32. h4 Bd1
33. Rc6+ Kf7 34. Rc7+ Kg8 35. Rxd2 Rxd2+ 36. Ke1 Rd3 37. Rc8+ Kf7 38. Rc7+ Kg8
39. Rc8+ 1/2-1/2

[Event "Gruppe C | DWZ 1900 - 1701"]
[Site "61.HEM Erlensee 2007"]
[Date "2007.04.04"]
[Round "1.17"]
[White "Rompel, Michael"]
[Black "Radtke, Thoralf"]
[Result "1-0"]
[WhiteElo "2051"]
[BlackElo "1718"]
[PlyCount "77"]
[EventDate "2007.??.??"]

1. d4 e6 2. c3 f5 3. e3 Nf6 4. f4 b6 5. Nf3 Bb7 6. Bd3 Be7 7. Qe2 c5 8. Nbd2
Nc6 9. O-O cxd4 10. exd4 Bd6 11. Nc4 Bc7 12. Bxf5 O-O 13. Bd3 Nd5 14. Bxh7+
Kxh7 15. Ng5+ Kh6 16. f5 Bf4 17. Rxf4 Nxf4 18. Bxf4 Qe7 19. Nxe6+ Kh7 20. Qh5+
Kg8 21. Ng5 g6 22. Qxg6+ Qg7 23. Qxg7+ Kxg7 24. g4 Ne7 25. Bd6 Rfe8 26. Be5+
Kh6 27. Nf7+ Kh7 28. Nfd6 Rg8 29. Nxb7 Rxg4+ 30. Kf2 Nxf5 31. Rg1 Rh4 32. Nbd6
Rf8 33. Ke2 Kh6 34. Nxf5+ Rxf5 35. Rg2 Rg5 36. Rf2 Rg6 37. Rf7 d5 38. Ne3 Re4
39. Kf3 1-0

[Event "Gruppe C | DWZ 1900 - 1701"]
[Site "61.HEM Erlensee 2007"]
[Date "2007.04.04"]
[Round "1.18"]
[White "Foerster, Rudi"]
[Black "Gauf, Wolfgang"]
[Result "1-0"]
[WhiteElo "1962"]
[BlackElo "1814"]
[PlyCount "59"]
[EventDate "2007.??.??"]

1. e4 c5 2. Nf3 Nc6 3. c3 Nf6 4. e5 Nd5 5. Bc4 Nb6 6. Bb3 d5 7. d4 cxd4 8. cxd4
Bf5 9. Nc3 e6 10. O-O Be7 11. Be3 O-O 12. a3 Na5 13. Bc2 Bxc2 14. Qxc2 Rc8 15.
Qe2 Nb3 16. Rad1 Bxa3 17. Nb5 Be7 18. Nxa7 Rc4 19. Nb5 Qd7 20. Na3 Bxa3 21.
bxa3 Na4 22. Rb1 Na5 23. Bd2 Nc3 24. Bxc3 Rxc3 25. Qb2 Rfc8 26. Qb4 Qd8 27. Qd6
Qc7 28. Rb5 Rc1 29. Qxc7 R8xc7 30. Rxa5 1-0

[Event "Gruppe C | DWZ 1900 - 1701"]
[Site "61.HEM Erlensee 2007"]
[Date "2007.04.04"]
[Round "1.19"]
[White "Ritscher, Georg"]
[Black "Kuehn, Thomas"]
[Result "0-1"]
[WhiteElo "2011"]
[BlackElo "1905"]
[PlyCount "60"]
[EventDate "2007.??.??"]

1. e4 d5 2. exd5 Qxd5 3. Nf3 Bf5 4. Nc3 Qa5 5. d4 e6 6. Be2 Nf6 7. O-O c6 8. h3
Nbd7 9. Re1 Bb4 10. Bd2 O-O 11. a3 Be7 12. Nh4 Bg6 13. Nxg6 hxg6 14. b4 Qd8 15.
Bd3 Nb6 16. Ne2 Na4 17. Rb1 b5 18. c3 Nb6 19. Rc1 a5 20. Qb3 axb4 21. axb4 Qd7
22. Ng3 Nbd5 23. Ra1 Ra7 24. Ra2 Rfa8 25. Rea1 Bd6 26. Ne4 Nxe4 27. Bxe4 Nf6
28. Rxa7 Rxa7 29. Rxa7 Qxa7 30. Bxc6 Qa1+ 0-1

[Event "Gruppe C | DWZ 1900 - 1701"]
[Site "61.HEM Erlensee 2007"]
[Date "2007.04.04"]
[Round "1.20"]
[White "Makilla, Tobias"]
[Black "Freund, Karlheinz"]
[Result "1-0"]
[WhiteElo "1923"]
[BlackElo "1797"]
[PlyCount "151"]
[EventDate "2007.??.??"]

1. e4 c6 2. d4 d6 3. c4 Nd7 4. f4 Qc7 5. Nf3 e5 6. fxe5 dxe5 7. d5 Ngf6 8. Bd3
Bc5 9. a3 a5 10. Nc3 O-O 11. Qe2 Ng4 12. Rf1 Nb6 13. h3 Nf6 14. Bg5 Nh5 15. Qd2
Ng3 16. Nh4 Nxf1 17. Kxf1 f6 18. Be3 Qd6 19. Qf2 Bxe3 20. Qxe3 cxd5 21. exd5 f5
22. c5 Qf6 23. cxb6 Qxh4 24. Qxe5 Qf6 25. Qc7 Rf7 26. Qc5 Bd7 27. Rd1 Qh4 28.
d6 Qf4+ 29. Kg1 Rc8 30. Qxa5 Rf6 31. Qd5+ Kh8 32. Bb5 Bxb5 33. Nxb5 Qe3+ 34.
Kh1 Qxb6 35. Rf1 Rc5 36. Re1 h6 37. Re8+ Kh7 38. Qxc5 Qxc5 39. d7 Rc6 40. Nc3
Qf2 41. d8=Q Qf1+ 42. Kh2 Qf4+ 43. Kg1 Rd6 44. Qe7 Qc1+ 45. Qe1 Qxb2 46. Qf2
Qxc3 47. Qxf5+ Rg6 48. Re6 Qg3 49. Qxg6+ Qxg6 50. Rxg6 Kxg6 51. Kf2 Kf5 52. Ke3
Ke5 53. g3 g6 54. Kd3 Kd5 55. a4 b6 56. Kc3 Ke4 57. Kb4 Kf3 58. Kb5 Kxg3 59.
Kxb6 Kxh3 60. a5 g5 61. a6 g4 62. a7 g3 63. a8=Q Kh2 64. Qc6 g2 65. Qxh6+ Kg1
66. Kc5 Kf1 67. Qf4+ Ke2 68. Qg3 Kf1 69. Qf3+ Kg1 70. Kd4 Kh2 71. Qh5+ Kg3 72.
Qg5+ Kf2 73. Qf4+ Ke1 74. Qg3+ Kf1 75. Qf3+ Kg1 76. Ke3 1-0

[Event "Gruppe C | DWZ 1900 - 1701"]
[Site "61.HEM Erlensee 2007"]
[Date "2007.04.04"]
[Round "1.21"]
[White "Karsten, Heinrich"]
[Black "Weiland, Thomas"]
[Result "1-0"]
[WhiteElo "2077"]
[BlackElo "1995"]
[PlyCount "35"]
[EventDate "2007.??.??"]

1. c4 f5 2. g3 Nf6 3. Bg2 g6 4. Nf3 Bg7 5. O-O O-O 6. d4 d6 7. d5 c6 8. Nc3 e5
9. e4 fxe4 10. Ng5 Bg4 11. Qb3 cxd5 12. Qxb7 Nbd7 13. Nxd5 Nc5 14. Nxf6+ Bxf6
15. Qd5+ Kg7 16. Nxe4 Nxe4 17. Qxe4 Be6 18. Qxa8 1-0

[Event "Gruppe C | DWZ 1900 - 1701"]
[Site "61.HEM Erlensee 2007"]
[Date "2007.04.04"]
[Round "1.22"]
[White "Fischer, Arthur"]
[Black "Storck, Eike-Werner"]
[Result "1/2-1/2"]
[WhiteElo "2074"]
[BlackElo "1895"]
[PlyCount "59"]
[EventDate "2007.??.??"]

1. e4 e6 2. d4 d5 3. exd5 exd5 4. Bd3 Nc6 5. Ne2 Bd6 6. O-O Qh4 7. g3 Qh3 8.
Re1 Nge7 9. Nf4 Bxf4 10. Bxf4 Bg4 11. Be2 Bxe2 12. Qxe2 O-O-O 13. c3 Ng6 14.
Qd2 h5 15. Na3 h4 16. Re2 Qf5 17. Rae1 Nxf4 18. Qxf4 Qxf4 19. gxf4 Rd6 20. Re8+
Rxe8 21. Rxe8+ Kd7 22. Rh8 Rg6+ 23. Kf1 Rg4 24. Rh5 Ne7 25. Rg5 Rxg5 26. fxg5
Ke6 27. Kg2 Kf5 28. Nb5 c6 29. Nd6+ Kxg5 30. Nxf7+ 1/2-1/2